[Event "Hampshire Major"]
[Site "Eastleigh"]
[Date "2015.11.08"]
[Round "5"]
[White "Sellen, John R"]
[Black "Conway, Alex"]
[Result "0-1"]
[WhiteElo "1616"]
[BlackElo "1784"]
[PlyCount "68"]
[EventDate "2015.11.06"]
[EventType "swiss"]
[EventRounds "6"]
[EventCountry "ENG"]
[SourceTitle "BritBase"]
[Source "John Saunders"]
[SourceDate "2015.11.13"]
[SourceVersion "1"]
[SourceVersionDate "2015.11.13"]
[SourceQuality "1"]

1. f4 d5 2. Nf3 Nf6 3. e3 Nc6 4. d4 Bf5 5. c3 e6 6. Bd3 Bxd3 7. Qxd3 Bd6 8. Nbd2 O-O 9. O-O Ne7 10. Ne5 c5 11. Rf3 Nf5 12. Rh3 cxd4 13. exd4 Qb6 14. Qf3 Rac8 15. g4 Nxd4 16. cxd4 Qxd4+ 17. Qe3 Qxe3+ 18. Rxe3 Bc5 19. Kf2 Rc7 20. Kf3 Bxe3 21. Kxe3 Rfc8 22. Nb3 Rc2 23. h4 Ne4 24. g5 Ng3 25. Kf3 Nf5 26. Kg4 Rg2+ 27. Kh3 Rcc2 28. Bd2 Rg3+ 29. Kh2 f6 30. Nd7 fxg5 31. hxg5 Rxb2 32. Ndc5 Kf7 33. Nxb7 Rgxb3 34. axb3 Rxd2+ 0-1

[Event "Hampshire Major"]
[Site "Eastleigh"]
[Date "2015.11.08"]
[Round "5"]
[White "Williams, Robin"]
[Black "Sawers, Kevin"]
[Result "1-0"]
[WhiteElo "1736"]
[BlackElo "1616"]
[PlyCount "57"]
[EventDate "2015.11.06"]
[EventType "swiss"]
[EventRounds "6"]
[EventCountry "ENG"]
[SourceTitle "BritBase"]
[Source "John Saunders"]
[SourceDate "2015.11.13"]
[SourceVersion "1"]
[SourceVersionDate "2015.11.13"]
[SourceQuality "1"]

1. e4 c5 2. Nf3 e6 3. d4 cxd4 4. Nxd4 a6 5. Nc3 Qc7 6. g3 g6 7. Bg2 Bg7 8. O-O Ne7 9. Be3 Nbc6 10. Qd2 Rb8 11. f4 d6 12. Rad1 Nxd4 13. Bxd4 Bxd4+ 14. Qxd4 Qc5 15. Kh1 Qxd4 16. Rxd4 Nc6 17. Rxd6 Ke7 18. Rfd1 Rd8 19. Rxd8 Nxd8 20. e5 b5 21. Ne4 Nb7 22. Nf6 h5 23. Bc6 Na5 24. Ng8+ Kf8 25. Rd8+ Kg7 26. Bg2 Nc4 27. Ne7 Nb6 28. Nxc8 Nxc8 29. Bc6 1-0

[Event "Hampshire Major"]
[Site "Eastleigh"]
[Date "2015.11.08"]
[Round "5"]
[White "Hurn, Paul"]
[Black "Belinger, John"]
[Result "1-0"]
[WhiteElo "1688"]
[BlackElo "1736"]
[PlyCount "105"]
[EventDate "2015.11.06"]
[EventType "swiss"]
[EventRounds "6"]
[EventCountry "ENG"]
[SourceTitle "BritBase"]
[Source "John Saunders"]
[SourceDate "2015.11.13"]
[SourceVersion "1"]
[SourceVersionDate "2015.11.13"]
[SourceQuality "1"]

1. d4 Nf6 2. c4 g6 3. Nc3 d5 4. c5 Bg7 5. Bf4 c6 6. Nf3 O-O 7. e3 Nbd7 8. Bd3 b6 9. cxb6 axb6 10. Qb3 e6 11. O-O c5 12. Bb5 Ba6 13. Bxa6 Rxa6 14. Nb5 Kh8 15. Bd6 Rg8 16. Ng5 Rf8 17. Bxf8 Qxf8 18. Rfe1 h6 19. Nf3 c4 20. Qc2 Ra5 21. a4 Ne4 22. Nd2 Nd6 23. Nc3 Qa8 24. Qb1 e5 25. Nb5 Nxb5 26. axb5 exd4 27. exd4 Bxd4 28. Nf3 Rxa1 29. Qxa1 Qxa1 30. Rxa1 Bxb2 31. Rd1 c3 32. Nd4 Ne5 33. Nc2 Nc4 34. Rxd5 Na3 35. Nb4 Nc4 36. Kf1 Kg7 37. Ke2 Na5 38. Kd3 Nb3 39. Rd6 Nc1+ 40. Kc2 Ne2 41. Rxb6 Nd4+ 42. Kb1 Ne6 43. Nd3 Ba3 44. Kc2 Be7 45. Kxc3 Bf6+ 46. Kc4 Kf8 47. Nc5 Ke7 48. Nxe6 fxe6 49. Kc5 Kd7 50. Rb7+ Kc8 51. Kc6 Be5 52. Re7 Kb8 53. b6 1-0

[Event "Hampshire Major"]
[Site "Eastleigh"]
[Date "2015.11.08"]
[Round "5"]
[White "Smith, Chris"]
[Black "Agostinelli, Dave"]
[Result "0-1"]
[WhiteElo "1616"]
[BlackElo "1688"]
[PlyCount "70"]
[EventDate "2015.11.06"]
[EventType "swiss"]
[EventRounds "6"]
[EventCountry "ENG"]
[SourceTitle "BritBase"]
[Source "John Saunders"]
[SourceDate "2015.11.13"]
[SourceVersion "1"]
[SourceVersionDate "2015.11.13"]
[SourceQuality "1"]

1. c4 g6 2. g3 Bg7 3. Bg2 c5 4. e3 Nc6 5. Ne2 e5 6. Nbc3 Nge7 7. d4 cxd4 8. exd4 exd4 9. Nb5 O-O 10. Nbxd4 Re8 11. O-O Nxd4 12. Nxd4 Nc6 13. Be3 a6 14. Re1 Qf6 15. Nxc6 dxc6 16. Bd4 Rxe1+ 17. Qxe1 Qxd4 18. Rd1 Qxb2 19. Qe8+ Bf8 20. Rd8 Qg7 21. h4 Bd7 22. Qxd7 Rxd8 23. Qxd8 Qa1+ 24. Bf1 Qxa2 25. Qb6 Kg7 26. Qd4+ Kg8 27. Qb6 a5 28. Qxb7 c5 29. Bd3 Qa4 30. Be4 Qe8 31. Bd5 Bg7 32. Qc7 Bd4 33. Qf4 a4 34. Qc1 Qe2 35. Qf4 Qxf2+ 0-1

[Event "Hampshire Major"]
[Site "Eastleigh"]
[Date "2015.11.08"]
[Round "6"]
[White "Graham, Frazer"]
[Black "Allen, Les"]
[Result "0-1"]
[WhiteElo "1536"]
[BlackElo "1872"]
[PlyCount "60"]
[EventDate "2015.11.06"]
[EventType "swiss"]
[EventRounds "6"]
[EventCountry "ENG"]
[SourceTitle "BritBase"]
[Source "John Saunders"]
[SourceDate "2015.11.13"]
[SourceVersion "1"]
[SourceVersionDate "2015.11.13"]
[SourceQuality "1"]

1. e4 d6 2. d4 Nf6 3. Nc3 c6 4. Be2 Nbd7 5. Nf3 e5 6. O-O Be7 7. Bg5 O-O 8. Re1 b5 9. a3 Bb7 10. Bxf6 Bxf6 11. d5 cxd5 12. Nxd5 a6 13. c4 Bxd5 14. cxd5 Qb6 15. b4 g6 16. Rc1 Rac8 17. Qb3 Be7 18. Rc2 Nf6 19. Bd3 Rc7 20. Rec1 Rfc8 21. h3 Nh5 22. a4 Nf4 23. Bf1 Bd8 24. axb5 axb5 25. Rxc7 Rxc7 26. Rxc7 Bxc7 27. g3 Nh5 28. Kg2 Nf6 29. Nd2 Qd4 30. Bd3 Bb6 0-1

[Event "Hampshire Major"]
[Site "Eastleigh"]
[Date "2015.11.08"]
[Round "6"]
[White "Foley, Phil T"]
[Black "Moore, Gillian A"]
[Result "1-0"]
[WhiteElo "1736"]
[BlackElo "1712"]
[PlyCount "132"]
[EventDate "2015.11.06"]
[EventType "swiss"]
[EventRounds "6"]
[EventCountry "ENG"]
[SourceTitle "BritBase"]
[Source "John Saunders"]
[SourceDate "2015.11.13"]
[SourceVersion "1"]
[SourceVersionDate "2015.11.13"]
[SourceQuality "1"]

1. e4 Nf6 2. e5 Nd5 3. c4 Nb6 4. Nc3 d6 5. exd6 exd6 6. d4 Be7 7. Bd3 Nc6 8. Nge2 O-O 9. O-O Bf6 10. b3 Re8 11. Be3 Nb4 12. Bb1 Qe7 13. a3 Na6 14. Nf4 c6 15. Ne4 g6 16. Nxf6+ Qxf6 17. Ra2 Bf5 18. Re2 Bxb1 19. Qxb1 Nd7 20. Rfe1 Nc7 21. Qd3 Qg7 22. Nh3 Nf6 23. Bf4 Rxe2 24. Rxe2 Nfe8 25. Re7 Ne6 26. Rxb7 Qxd4 27. Qxd4 Nxd4 28. Be3 Ne6 29. Rxa7 Rxa7 30. Bxa7 d5 31. cxd5 cxd5 32. f3 N8c7 33. a4 Na6 34. Nf2 Nec5 35. Bxc5 Nxc5 36. a5 Na6 37. Nd3 Nc7 38. Nc5 Kf8 39. Kf2 Ke7 40. b4 Kd6 41. Ke3 f6 42. Nb3 Kc6 43. Nd4+ Kd6 44. b5 Kc5 45. b6 Na6 46. Ne6+ Kb4 47. Nc7 Kxa5 48. b7 Nb8 49. Nxd5 f5 50. Nf6 h6 51. Ng8 Kb6 52. Nxh6 Kxb7 53. Kf4 Nc6 54. Kg5 Ne5 55. Kf6 Nd3 56. Kxg6 Ne1 57. Kxf5 Nxg2 58. Ke5 Kc6 59. f4 Kd7 60. f5 Ke7 61. f6+ Kf8 62. Nf5 Ne1 63. h4 Nf3+ 64. Ke6 Kg8 65. Ke7 Ne5 66. Nh6+ Kh7 1-0

[Event "Hampshire Major"]
[Site "Eastleigh"]
[Date "2015.11.08"]
[Round "6"]
[White "Jones, Gareth A"]
[Black "Stone, Mark"]
[Result "1-0"]
[WhiteElo "1872"]
[BlackElo "1624"]
[PlyCount "73"]
[EventDate "2015.11.06"]
[EventType "swiss"]
[EventRounds "6"]
[EventCountry "ENG"]
[SourceTitle "BritBase"]
[Source "John Saunders"]
[SourceDate "2015.11.13"]
[SourceVersion "1"]
[SourceVersionDate "2015.11.13"]
[SourceQuality "1"]

1. Nf3 Nf6 2. g3 d5 3. Bg2 c5 4. O-O Nc6 5. d4 e6 6. c4 dxc4 7. Qa4 Bd7 8. Qxc4 cxd4 9. Nxd4 Rc8 10. Nxc6 Bxc6 11. Bxc6+ Rxc6 12. Qb5 Qb6 13. Nc3 a6 14. Qxb6 Rxb6 15. b3 Be7 16. Bb2 O-O 17. Rfd1 Rd8 18. Rxd8+ Bxd8 19. Rd1 Be7 20. e4 Rd6 21. Rc1 Rd2 22. Na4 Rxb2 23. Rc8+ Bf8 24. Nxb2 Nxe4 25. Nc4 g6 26. f3 Nf6 27. Ne5 b6 28. Kg2 h5 29. Ra8 a5 30. Ra7 Ne8 31. Nxf7 Nd6 32. Ne5 Nb5 33. Ra8 Kg7 34. Nd7 Bd6 35. Nxb6 Nc7 36. Rd8 Bb4 37. Rd7+ 1-0

[Event "Hampshire Major"]
[Site "Eastleigh"]
[Date "2015.11.08"]
[Round "6"]
[White "Williams, Robin"]
[Black "Matthew, Ian G"]
[Result "1/2-1/2"]
[WhiteElo "1736"]
[BlackElo "1704"]
[PlyCount "81"]
[EventDate "2015.11.06"]
[EventType "swiss"]
[EventRounds "6"]
[EventCountry "ENG"]
[SourceTitle "BritBase"]
[Source "John Saunders"]
[SourceDate "2015.11.13"]
[SourceVersion "1"]
[SourceVersionDate "2015.11.13"]
[SourceQuality "1"]

1. e4 e5 2. Nf3 Nc6 3. Bc4 Nf6 4. d4 exd4 5. O-O d5 6. exd5 Nxd5 7. Nxd4 Nxd4 8. Qxd4 Be6 9. Re1 c6 10. Bxd5 Qxd5 11. Qxd5 cxd5 12. Be3 b6 13. Nc3 Bb4 14. Bd4 O-O 15. a3 Bxc3 16. Bxc3 Bf5 17. Rac1 Rfe8 18. Kf1 Rxe1+ 19. Kxe1 Re8+ 20. Kd2 h6 21. Bd4 Re6 22. c3 Rg6 23. g3 Be4 24. Re1 Re6 25. h4 g5 26. hxg5 hxg5 27. Be3 g4 28. Bf4 a6 29. Ke3 Bc2+ 30. Kd2 Rxe1 31. Kxe1 b5 32. Kd2 Bf5 33. Ke3 Kf8 34. Kd4 Be6 35. Kc5 Ke8 36. Bg5 Kf8 37. Bf6 Ke8 38. Kb6 Bc8 39. Ka5 Kd7 40. a4 Kc6 41. Bd4 1/2-1/2

[Event "Hampshire Major"]
[Site "Eastleigh"]
[Date "2015.11.08"]
[Round "6"]
[White "Sawers, Kevin"]
[Black "Hurn, Paul"]
[Result "1/2-1/2"]
[WhiteElo "1616"]
[BlackElo "1688"]
[PlyCount "53"]
[EventDate "2015.11.06"]
[EventType "swiss"]
[EventRounds "6"]
[EventCountry "ENG"]
[SourceTitle "BritBase"]
[Source "John Saunders"]
[SourceDate "2015.11.13"]
[SourceVersion "1"]
[SourceVersionDate "2015.11.13"]
[SourceQuality "1"]

1. e4 c5 2. Nf3 Nc6 3. Nc3 d6 4. d4 cxd4 5. Nxd4 Nf6 6. Bc4 Bd7 7. f3 g6 8. Nxc6 Bxc6 9. Be3 Bg7 10. Qd2 O-O 11. Bh6 Bxh6 12. Qxh6 Qb6 13. O-O-O Qc5 14. Bb3 b5 15. h4 Qh5 16. Qxh5 Nxh5 17. Nd5 Bxd5 18. Rxd5 a6 19. g4 Nf4 20. Rd2 Rac8 21. h5 g5 22. Re1 Rc5 23. a4 Rfc8 24. axb5 axb5 25. Rd4 Rb8 26. Kd2 Ra8 27. Rb4 1/2-1/2

[Event "Hampshire Major"]
[Site "Eastleigh"]
[Date "2015.11.08"]
[Round "6"]
[White "Belinger, John"]
[Black "Agostinelli, Dave"]
[Result "1-0"]
[WhiteElo "1736"]
[BlackElo "1688"]
[PlyCount "41"]
[EventDate "2015.11.06"]
[EventType "swiss"]
[EventRounds "6"]
[EventCountry "ENG"]
[SourceTitle "BritBase"]
[Source "John Saunders"]
[SourceDate "2015.11.13"]
[SourceVersion "1"]
[SourceVersionDate "2015.11.13"]
[SourceQuality "1"]

1. e4 b6 2. d4 Bb7 3. Bd3 Nf6 4. Qe2 e6 5. Nf3 Be7 6. O-O O-O 7. c4 Nc6 8. Nc3 h6 9. e5 Nh7 10. a3 Na5 11. Be3 c5 12. d5 d6 13. Rad1 exd5 14. cxd5 dxe5 15. Nxe5 Bd6 16. f4 Re8 17. Qh5 Bxe5 18. fxe5 Bxd5 19. Nxd5 g6 20. Bxg6 fxg6 21. Qxg6+ 1-0